000 00558nam a2200193Ia 4500
005 20250508154902.0
008 008 250505s9999 xx 000 0 eng d
037 _aTextual
040 _aFEDL
_beng
_cFEDL
041 _aeng
_2eng
084 _a157, MAR
_qFEDL
100 _aMartin Denis V.
_9766313
245 0 _aAdventure in psychiatry : Scoial change in a mental hospital
260 _aOxford, UK
_bBruno Cassirer
_c1962
300 _aix,217p.
650 _aAbnormal Psychology
942 _cTEXL
_h157, MAR
999 _c1352623
_d1352623